000 00639nam a2200217Ia 4500
005 20250508163745.0
008 008 250505s9999 xx 000 0 eng d
020 _a0304-703-26-5
037 _aTextBook
040 _aFEDL
_beng
_cFEDL
041 _aeng
_2eng
084 _a001.2, WIL
_qFEDL
100 _aWills Gordon Ed.
245 0 _aKnowledge game: The revolution in learning and communication in the work place
260 _aLondon, UK
_bCassell
_c1998
300 _a267
365 _aGBP
_b16.99
650 _aKnowledge; Learning; Communication
_9776236
942 _cTB
_h001.2, WIL
999 _c1385092
_d1385092